La vegetation des sols tourbeux : Lille - 1978.

Bibliographic Details
Format: Book
Language:French
Published: Vaduz : J. Cramer, 1980.
Series:Colloques phytosociologiques ; 7.
Subjects:

MARC

Tag First Indicator Second Indicator Subfields
LEADER 00000cam a2200000 a 4500
001 in00000079261
005 20151008060809.0
008 811020s1980 lh a 00000 fre d
020 |a 3768212602 
035 |a (OCoLC)07860819 
035 |9 AAJ6594AM 
040 |a MOA  |c MOA  |d TXA  |d UtOrBLW 
049 |a TXAM  |c [1655272] 
090 |a S592.85  |b .V44 
245 0 3 |a La vegetation des sols tourbeux :  |b Lille - 1978. 
264 1 |a Vaduz :  |b J. Cramer,  |c 1980. 
300 |a 494 pages :  |b illustrations ;  |c 23 cm. 
336 |a text  |b txt  |2 rdacontent 
337 |a unmediated  |b n  |2 rdamedia 
338 |a volume  |b nc  |2 rdacarrier 
490 1 |a Colloques phytosociologiques ;  |v v.7 
500 |a Tables folded in pocket. 
650 0 |a Peat soils. 
830 0 |a Colloques phytosociologiques ;  |v 7. 
999 |a MARS 
999 f f |s 122fb2d1-fb64-3918-bcff-78dce4c7afdf  |i 56858cf8-74c9-3592-9650-2e2ac2a43b97  |t 0 
952 f f |p ric  |a Texas A&M University  |b Rellis Campus  |c Joint Library Facility  |d Remote Storage  |t 0  |e S592.85 .V44  |h Library of Congress classification  |i unmediated -- volume  |m A14806234125 
998 f f |a S592.85 .V44  |t 0  |l Remote Storage